000
00209 a2200097 4500
001
13753
100
_a
Kuestler
245
_a
Scum of the Earth
260
_a
London
_b
M Hamish Hamilton
_c
090
_c
10748
_d
10748
942
_a
NUST-CAE
_c
M
_c
834
999
_c
248826
_d
248826